South African beachcomber: (Record no. 670)
[ view plain ]
| 000 -LEADER | |
|---|---|
| fixed length control field | 00535nam a2200205Ia 4500 |
| 003 - CONTROL NUMBER IDENTIFIER | |
| control field | 0100 |
| 008 - FIXED-LENGTH DATA ELEMENTS--GENERAL INFORMATION | |
| fixed length control field | 130227s9999 xx 000 0 und d |
| 040 ## - CATALOGING SOURCE | |
| Transcribing agency | ARRUPELIB |
| 050 ## - LIBRARY OF CONGRESS CALL NUMBER | |
| Classification number | DT757.G73 |
| 100 ## - MAIN ENTRY--PERSONAL NAME | |
| Personal name | Green, Lawrence George |
| 9 (RLIN) | 39422 |
| 245 ## - TITLE STATEMENT | |
| Title | South African beachcomber: |
| Remainder of title | memories of the people of the shore and the stories they told / |
| 260 ## - PUBLICATION, DISTRIBUTION, ETC. (IMPRINT) | |
| Place of publication, distribution, etc | Cape Town |
| Name of publisher, distributor, etc | Howard B. Timmins |
| Date of publication, distribution, etc | 1958 |
| 300 ## - PHYSICAL DESCRIPTION | |
| Extent | 244p |
| 300 ## - PHYSICAL DESCRIPTION | |
| Other physical details | 21cm |
| 650 ## - SUBJECT ADDED ENTRY--TOPICAL TERM | |
| Topical term or geographic name as entry element | Coasts |
| Geographic subdivision | South Africa |
| 9 (RLIN) | 39423 |
| 650 ## - SUBJECT ADDED ENTRY--TOPICAL TERM | |
| Topical term or geographic name as entry element | Islands of the Atlantic |
| 9 (RLIN) | 39424 |
| 942 ## - ADDED ENTRY ELEMENTS (KOHA) | |
| Source of classification or shelving scheme | Library of Congress Classification |
| Item type | Monograph ( Printed materials) |
| Withdrawn status | Lost status | Source of classification or shelving scheme | Damaged status | Not for loan | Collection code | Home library | Current library | Shelving location | Date acquired | Total Checkouts | Full call number | Barcode | Date last seen | Copy number | Price effective from | Koha item type |
|---|---|---|---|---|---|---|---|---|---|---|---|---|---|---|---|---|
| Library of Congress Classification | Main Collection | ARRUPE LIBRARY | ARRUPE LIBRARY | 27/02/2013 | DT757.G73 | 46401422 | 07/12/2017 | 1 | 27/02/2013 | Monograph ( Printed materials) |